000 00481pab a2200181 454500
008 180718b2012 xxu||||| |||| 00| 0 eng d
100 _aChowdhury, Subhanil
245 _aFiscal problem in West Bengal: Towards an explanation
260 _c2012
300 _ap.57-64.
362 _a31 Mar
650 _aFiscal policy - India - West Bengal
650 _aFiscal policy
700 _aDasgupta, Zico
773 _aEconomic and Political Weekly
908 _aN
909 _a95729
999 _c95729
_d95729